00369nam a2200121Ia 4500082001200000100002200012245004200034260003200076300000800108650005000116650006400166710001700230 aTB.0125 aBisen, B.B. Singh 0aCo-operative banking in Uttar Pradesh c1971bUniversity of Lucknow a337 aBanks and Banking, CooperativezUttar Pradesh aAgricultural cooperative credit associationszUttar Pradesh aSarkar, K.C.